000 00634cam a2200229 4500
008 090401t1995 xxu||||| |||| 00| 0 eng d
020 _a0901087858
035 _a(Sirsi) u42422
041 _aeng
050 _a599.4
110 _aCountryside Council for Wales
_91619
245 _aBats in roofs: a guide for builders and surveyors.
260 _aBangor
_bCountryside Council for Wales
_c1995
300 _a6,6p. : ill. ; 30cm.
350 _a0
520 _aText also provided in Welsh.
650 _aHOUSES
650 _aWILDLIFE AND COUNTRYSIDE ACT 1981
690 _aCONSERVATION
942 _n0
948 _c04/03/1997
999 _c91108
_d91108